Nikdy nedělej kompromis /
Audiokniha Nikdy nedělej kompromis aneb Vyjednávej tak, jako by ti šlo o život vás naučí vyjednávací taktiky používané agenty FBI, které se nejvíc osvědčily v kritických, ale i každodenních situacích. Napsal Chriss Voss. Čte Petr Hanák. Nikdy nedělej kompromis je strhující, nenahraditelná příručka v...
Uloženo v:
| Hlavní autor: | |
|---|---|
| Další autoři: | |
| Médium: | E-audiokniha |
| Vydáno: |
Praha :
Jan Melvil Publishing s.r.o.,
2017
|
| Tagy: |
Žádné tagy |
| LEADER | 02207nim a22003497i 4500 | ||
|---|---|---|---|
| 001 | 313422 | ||
| 007 | sr nunnnnnnned | ||
| 044 | |a xr | ||
| 100 | 1 | |a Voss, Chris |4 aut | |
| 245 | 1 | 0 | |a Nikdy nedělej kompromis / |c Voss, Chris |
| 240 | 1 | 0 | |a Never Split the Difference: Negotiating As If Your Life Depended On It |
| 264 | 1 | |a Praha : |b Jan Melvil Publishing s.r.o., |c 2017 | |
| 300 | |a 1 online zdroj (9 hod., 9 min., 0 sek.) | ||
| 336 | |a mluvené slovo |b spw |2 rdacontent | ||
| 337 | |a audio |b s |2 rdamedia | ||
| 338 | |a online zdroj |b cr |2 rdacarrier | ||
| 505 | 0 | 0 | |t 01 Nova pravidla (49 min., 9 sek.) |
| 505 | 0 | 0 | |t 02 Budte zrcadlem (52 min., 34 sek.) |
| 505 | 0 | 0 | |t 03 Neprozivejte jejich emoce, (56 min., 52 sek.) |
| 505 | 0 | 0 | |t 04 Pozor na ano (46 min., 47 sek.) |
| 505 | 0 | 0 | |t 05 Tri kriticka slova (35 min., 22 sek.) |
| 505 | 0 | 0 | |t 06 Umeni ohybat realitu (1 hod., 4 min., 33 sek.) |
| 505 | 0 | 0 | |t 07 Vytvorte iluzi kontroly (46 min., 37 sek.) |
| 505 | 0 | 0 | |t 08 Zajistete realizaci (55 min., 1 sek.) |
| 505 | 0 | 0 | |t 09 Tvrde smlouvejte (54 min., 56 sek.) |
| 505 | 0 | 0 | |t 10 Jak najit cernou labut (1 hod., 10 min., 44 sek.) |
| 505 | 0 | 0 | |t 11 Dodatek (16 min., 31 sek.) |
| 520 | 2 | |a Audiokniha Nikdy nedělej kompromis aneb Vyjednávej tak, jako by ti šlo o život vás naučí vyjednávací taktiky používané agenty FBI, které se nejvíc osvědčily v kritických, ale i každodenních situacích. Napsal Chriss Voss. Čte Petr Hanák. Nikdy nedělej kompromis je strhující, nenahraditelná příručka vyjednávacích technik, vybroušených během zajímavé kariéry Chrise Vosse, který desítky let působil jako hlavní vyjednavač FBI s únosci. Dnes patří k nejvyhledávanějším lektorům prestižních podnikatelských škol a současně působí jako poradce velkých společností při jejich strategických jednáních. | |
| 700 | 1 | |a Hanák, Petr |4 nrt | |
| 910 | |a RBIT002 | ||
| 998 | |d 420236 |a https://core.palmknihy.cz/api/books/420236/cover?swavhr |b https://core.palmknihy.cz/api/books/420236/cover/400?swavhr |c https://core.palmknihy.cz/api/books/420236/cover/50?swavhr |e 2029-10-11 |i 9798000143544 |l 32940 |q 49 |r 1 |s https://www.palmknihy.cz/kniha/420236 |t audiobook |y 2017 |z 1 | ||
| 999 | |d 313420 | ||